| 000 | 00635cab a2200217 4500 | ||
|---|---|---|---|
| 001 | ABS40085 | ||
| 008 | 090401t1988 xxu||||| |||| 00| 0 eng d | ||
| 035 | _a(Sirsi) u21352 | ||
| 041 | _aeng | ||
| 100 | _aDay, M. | ||
| 245 | _aRight to remain occupied | ||
| 260 | _c1988 | ||
| 350 | _a0 | ||
| 490 |
_aConstruction Repair _v2(6) November/December 1988, 12-13(2) |
||
| 520 | _aDescribes a programme to renew the curtain walling on Nicholsons House, Maidenhead while it remains partially occupied. | ||
| 650 | _aBUILDING PROJECTS | ||
| 650 | _aCLADDING | ||
| 690 |
_aRefurbishment _96264 |
||
| 942 | _n0 | ||
| 948 | _c04/03/1997 | ||
| 999 |
_c14337 _d14337 |
||